| 000 | 00463nam a22001337a 4500 | ||
|---|---|---|---|
| 005 | 20170127143509.0 | ||
| 008 | 170127b xxu||||| |||| 00| 0 eng d | ||
| 050 | _aBX1802.C576 1993 | ||
| 100 |
_aClaver, Francisco _928494 |
||
| 245 |
_aThe basic ecclesial community _bvehicle par excellence for inculturation _cby Claver, Francisco |
||
| 260 |
_aSt. Louis, MO. _bThe Institute of Jesuit Sources _c1993 |
||
| 300 |
_ax, 85p.; _c23cm. |
||
| 942 |
_2lcc _cMONOGRAPH |
||
| 999 |
_c126017 _d126017 |
||